00534 2200217 4500001002100000008004100021035002000062245004900082100001600131250002000147260003400167300002000201020001800221084001500239082001000254650001600264990000900280990000900289990000900298990000900307INLIS000000000002269 ind  a0010-0425002269 aJoko KendilbSeri Cerita RakyatcM. Rantissi aM. Rantissi aCetakan pertama aJakarta :bBintang Indonesia, a24 hlm.c19 cm. a602-218-231-x a398.2 M. j a398.2 aM. Rantissi a5987 a5988 a5989 a5990